00000000nam 2200000zi 4500
0019.934670
003CaOODSP
00520250219150545
006m     o  d f      
007cr mn|||||||||
008240228e201701  onc     o    f000 0 eng d
040 |aCaOODSP|beng|erda|cCaOODSP
043 |an-cn---
0861 |aBT43-205/2017E-PDF
24500|aPensioners' Dental Services Plan (PDSP) : |bmember booklet.
264 1|a[Ottawa] : |bGovernment of Canada = Gouvernement du Canada, |cJanuary 2017.
300 |a1 online resource (i, 15 pages)
336 |atext|btxt|2rdacontent
337 |acomputer|bc|2rdamedia
338 |aonline resource|bcr|2rdacarrier
500 |aIssued also in French under title: Régime de services dentaires pour les pensionnés (RSDP) : livret du participant.
500 |aPlease note: This 2017 edition is no longer current. For a link to the most current version, please refer to the page on the Pensioners' Dental Services Plan found on canada.ca.–19 February 2025.
500 |a"Contract number 25555."
500 |a"Revised, January 2017."
650 0|aDentistry, State|zCanada.
650 0|aCivil service pensioners|xServices for|zCanada.
7101 |aCanada. |bTreasury Board, |eissuing body.
77508|tRégime de services dentaires pour les pensionnés (RSDP) : |w(CaOODSP)9.934713
85640|qPDF|s458 KB|uhttps://publications.gc.ca/collections/collection_2024/sct-tbs/BT43-205-2017-eng.pdf